[Event "NED-chT playoff"]
[Site "Enschede"]
[Date "2004.05.20"]
[Round "1"]
[White "De Vreugt, Dennis"]
[Black "Van der Wiel, John"]
[Result "1/2-1/2"]
[WhiteElo "2472"]
[BlackElo "2526"]
[Annotator "Gofshtein,L"]
[PlyCount "86"]
[EventDate "2004.05.20"]
[EventType "team"]
[EventRounds "2"]
[EventCountry "NED"]
[SourceTitle "CBM 101"]
[Source "ChessBase"]
[SourceDate "2004.07.27"]
[SourceVersion "1"]
[SourceVersionDate "2004.07.27"]
[SourceQuality "1"]

1. e4 c5 2. Nf3 d6 3. d4 cxd4 4. Nxd4 Nf6 5. Nc3 Nc6 6. Bg5 e6 7. Qd2 a6 8.
O-O-O Bd7 9. f3 Be7 10. h4 h6 {Black throws the white bishop away and trying
to start a counterplay with his king in the center. The other line 10...0-0
gives white a clearer prospects.} (10... O-O 11. Kb1 b5 12. g4 Nxd4 13. Qxd4
Qa5 14. Bd2 b4 15. Ne2 Rab8 16. g5 {1/2-1/2 Makarichev,S-Panchenko,A/
Daugavpils 1978/MCD (22)}) 11. Be3 h5 $5 {An important move, stopping the
white's expansion on the kingside.} (11... Nxd4 12. Bxd4 (12. Qxd4 Rc8 13. Kb1
Qc7 14. Qd2 b5 15. Bd3 b4 16. Ne2 $1 {[%cal Ye2d4]} Bb5 17. Nd4 $16 {1-0 Lanka,
Z-Kraut,R/Germany 1995/GER-chT (35)}) 12... e5 $5 13. Be3 Be6 14. Kb1 Rc8 15.
Be2 Qa5 $132 {1/2-1/2 Lanka,Z-Kraut,R/Germany 1996/GER-chT (50)}) (11... b5 12.
g4 Ne5 13. a3 Rc8 14. Kb1 $40 {1-0 Garcia Martinez,S-Vasiukov,E/Cienfuegos
1975/EXT 98 (40)}) 12. Be2 $146 {Not a good novelty. The square e2 is usually
used by the knight. Other moves have been played as well, as the next
variations show black gets a counterplay on the queenside.} (12. Kb1 Ne5 $5 {
By declining the exchange of the knights black gets a good counterplay.} (12...
Rc8 13. Nxc6 $5 Bxc6 14. Ne2 $1 d5 15. e5 Nd7 16. f4 g6 17. Nd4 {1-0
Makropoulou,M-Petraki,M/Athens 2003/EXT 2004 (58)}) 13. Bd3 (13. Bg5 b5 14. Qe1
b4 $132 {1-0 Stefansson,H-Damljanovic,B/Leon 2001/CBM 86 (39)}) 13... b5 14.
Bg5 Qb6 15. Nce2 b4 16. Rhe1 a5 17. Be3 Qb7 $132 {0-1 Landenbergue,
C-Nevednichy,V/Saint Vincent 2002/CBM 86 ext (37)}) (12. Bg5 Qb6 13. Nxc6 Bxc6
14. Bd3 O-O-O 15. Kb1 Qc7 16. Rhe1 Rhe8 17. Qf4 Kb8 $14 {1/2-1/2 Kindermann,
S-Nevednichy,V/Germany 1999/EXT 2000 (90)}) (12. Nxc6 bxc6 13. Bg5 Qa5 $132)
12... Rc8 13. Nxc6 Bxc6 14. Bd4 {The e2 square is occupied by the bishop and
that's why white can't bring the knight to a better position.} b5 $132 {
Black has counterplay on the queenside.} 15. a3 Qc7 {[%cal Rc7c2,Yc7b7,Ra6a5,
Rb5b4] Black prepares the advance on the queenside with a6-a5.} 16. Qe3 Nd7 {
[%mdl 512] Black sacs a pawn and trying to get an active play on the queenside.
It wasn't nesessary to sacrifice a pawn for that purpose. The simple 16...Qb7
followed with a5 gave black a good play.} (16... Qb7 $5) 17. Bxg7 Rh7 (17...
Rg8 18. Qh6 $40) 18. Bh6 $8 (18. Bd4 e5 19. Ba7 Ra8 $36) 18... a5 19. Bd3 {
The cold blooded 19.Rd2 deserved attention and white has good chances to meet
well the black attack.} (19. Rd2 $5 b4 (19... Qb7 20. Bg5 b4 21. Nb1 $16) 20.
Nb5 $16) 19... b4 20. axb4 (20. Nb1 Ba4 $40) (20. Ne2 bxa3 21. bxa3 $44) 20...
axb4 21. Nd5 {White starts an unclear complications. Otherwise black has
compensation for the pawn.} (21. Ne2 Ba4 22. Rd2 Nc5 $36) 21... exd5 22. exd5
Ba4 $8 {[%cal Ra4c2,Rc7c2]} (22... Rxh6 23. dxc6 $18) 23. Rd2 {After a number
of forced moves the game reached this complex position which is very difficult
to understand.} Rxh6 {Black sacrifices again, an exchange this time in order
to seize the initiative. After 23...Rh8 white has enough compensation for the
piece.} (23... Rh8 24. Re1 Ne5 25. Bg7 Rg8 26. Bxe5 dxe5 27. Qxe5 Qxe5 28. Rxe5
$44) 24. Qxh6 Ne5 {[%cal Re5d3]} (24... Qa5 25. Qh8+ Nf8 26. Re1 Qxd5 $13) 25.
Qh8+ $5 {25.Bf5 looks dangerous because of 25...Ra8 with a dangerous play over
the a-file.} (25. Bf5 Ra8 {[%cal Ra8a1]}) 25... Bf8 $8 26. Re1 {Activizing the
rook and trying to take advantage of the weak black king.} Qe7 27. Re4 {
27.Kd1 looks interesting with an unclear play.} (27. Kd1 $5 Qxh4 $5 {[%cal
Rh4f4]} 28. Rde2) 27... f5 $5 {Another surprise. Black sacrifices 2 pawns in
order to get active pieces.} 28. Qxh5+ {White could sacrifice an exchange
again, which looks quite well.} (28. Rxe5 $5 dxe5 29. Bxf5 Ra8 30. d6 Qg7 31.
Qxh5+ Kd8 32. d7 Kc7 $132) 28... Kd8 29. Qxf5 (29. Rxe5 Qxe5 30. Qxf5 Qe1+ 31.
Rd1 Bh6+ 32. f4 Qxh4 33. g3 Qe7) 29... Bh6 30. f4 $6 {Only this dubious move
leads to an advantage for black. After 30.Kd1 the position is totally unclear.}
(30. Kd1 $5 Bd7 31. Qh5) 30... Bd7 $1 31. Qh5 (31. Rxe5 dxe5 32. Qxe5 Qxe5 33.
fxe5 Ra8 $19) 31... Nxd3+ 32. Rxd3 Qxe4 33. Qxh6 Qe1+ {Now black has an extra
piece and also a strong attack, it seems that the win is not far away... but
the game is not going as expected.} 34. Rd1 Rxc2+ 35. Kxc2 Bf5+ $1 {Black won
much simpler after 35...Ba4} (35... Ba4+ $1 36. b3 (36. Kd3 Qxd1+ 37. Ke3 Qe1+
$19) 36... Qc3+ 37. Kb1 Qxb3+ $19) 36. Kc1 Qe3+ 37. Rd2 Qc5+ $2 {[%mdl 8192]
It was still not too late to win this game. Black won beautifully after 37...
Qg1+.} (37... Qg1+ $3 38. Rd1 Qc5+ 39. Kd2 Qf2+ $1 40. Kc1 Qc2#) 38. Kd1 Bg4+
39. Re2 $8 Qd4+ 40. Ke1 Qg1+ {Now black doesn't have more than a draw.} 41. Kd2
Qd4+ 42. Ke1 Qg1+ 43. Kd2 Qd4+ 1/2-1/2

[Event "Berkeley East Bay CC"]
[Site "Berkeley"]
[Date "2005.04.03"]
[Round "7"]
[White "Stein, Alex"]
[Black "Yermolinsky, Alex"]
[Result "1-0"]
[WhiteElo "2362"]
[BlackElo "2570"]
[Annotator "Gofshtein,L"]
[PlyCount "103"]
[EventDate "2005.03.29"]
[EventType "tourn"]
[EventRounds "10"]
[EventCountry "USA"]
[EventCategory "9"]
[SourceTitle "CBM 107"]
[Source "ChessBase"]
[SourceDate "2005.08.01"]
[SourceVersion "1"]
[SourceVersionDate "2005.08.01"]
[SourceQuality "1"]

1. e4 c5 2. Nf3 d6 3. d4 cxd4 4. Nxd4 Nf6 5. Nc3 Nc6 6. Bg5 e6 7. Qd2 a6 8.
O-O-O Bd7 9. f4 b5 10. Nxc6 Bxc6 11. Bd3 Be7 12. Qe1 Nd7 $5 {[%cal Yd7c5]
Black exchanges White's active bishop and reduces the danger of White's attack
and also brings his knight to an active spot on c5.} 13. Bxe7 Qxe7 14. Qg3 {
White brings his queen to an attacking position. 14.e5, which was played in
the game given below, was premature.} (14. e5 dxe5 15. Be4 Bxe4 16. Nxe4 O-O
17. Qg3 f5 $36 {0-1 Zaichik,G-Yermolinsky,A/Philadelphia 1993/EXT 99 (42)})
14... O-O 15. h4 $146 {A new move. 15.Rhe1 was played before which gives black
a fine position.} (15. Rhe1 Nc5 16. a3 (16. Bf1 Rad8 17. Nd5 Bxd5 18. exd5 Qf6
$132 {1/2-1/2 Barczay,L-Ghitescu,T/Lodz 1978/MCD (20)}) (16. e5 Nxd3+ (16...
Rad8 17. exd6 Rxd6 18. f5 Nxd3+ 19. cxd3 Rfd8 $36 {0-1 Unzicker,W-Chandler,M/
Germany 1988/GER-chT (39)}) 17. Rxd3 dxe5 18. Rxe5 Rad8 19. Ree3 b4 $17 {
0-1 Atakisi,U-Akhmadeev,V/Moscow 2004/EXT 2005 (43)}) 16... Rab8 17. e5 dxe5
18. Rxe5 Nxd3+ 19. Rxd3 b4 20. axb4 Qxb4 $17 {0-1 Browne,W-Tukmakov,V/Hastings
1972/MCD (31)}) (15. f5 b4 16. Ne2 Nc5 17. fxe6 fxe6 18. Qe3 Qa7 19. Kb1 Nxd3
20. Qxa7 Rxa7 21. cxd3 Rf2 22. Nd4 Bd7 $17 {1/2-1/2 Mecking,H-Polugaevsky,L/
Luzern 1977/Candidates (52)}) 15... Nc5 {Black transfered his knight to an
active position and prepares the exchange of white's light squared bishop in a
comfortable moment.} 16. Rhe1 Rac8 {Black finishes the development by bringing
his rook to the centre.} (16... b4 17. Nd5 Qb7 18. Nf6+ Kh8 19. Nh5 Rg8 20. e5
$13) 17. a3 {A prophylactic move, Black constantly threatens to play b5-b4.} (
17. Nd5 Qd8 18. Nb4 Bb7 $17) 17... Nxd3+ (17... Rfd8 $5 {It was worth
considering to bring the rook to the centre.}) 18. Qxd3 (18. Rxd3 a5) (18. cxd3
b4 19. axb4 d5 $17) 18... Rfd8 19. g4 {[%mdl 512] White tries to attack by
sacrificing the h-pawn in order to get to the black king.} Qxh4 20. Rh1 {
White sacrifices another pawn in order to sharpen the position.} (20. Qe3 a5
21. g5 Qh5 22. Rh1 Qg6 23. Rdf1 Re8 24. Qd3 b4 $36) (20. Qe2 a5 21. Rh1 Qg3 $17
) 20... Qxg4 21. Qe3 {[%cal Rd1g1] Protecting the pawn f4 and preparing to
bring the rook to the g-file.} e5 {It was interesting to check 21...d5 with a
further queen sacrifice. In this case Black would have received more than
enough compensation for the queen.} (21... Qg6 22. Rdg1 Qf6 23. Rh5 $40) (21...
d5 $5 22. Rdg1 d4 23. Qf2 Qxg1+ 24. Rxg1 dxc3 25. Qe3 cxb2+ 26. Kxb2) 22. Rdf1
d5 {Black forces matters. 22...ef was possible, it's not easy for White to
prove that his initiative worth two pawns.} (22... exf4 23. Rxf4 Qg5 24. Rg1
Qh6 (24... Qc5 25. Qg3 g6 26. Rh1 $40) 25. Kb1 d5 26. exd5 Bxd5 27. Nxd5 Rxd5
28. Rc4 bxc4 29. Qxh6 Rd1+ 30. Ka2 Rxg1 31. Qxa6 Re8 32. Qxc4 g5) 23. exd5 Bxd5
24. Rhg1 exf4 {In case of 24...Qh4 White would have had a dangerous attack
after 25.fxe5.} (24... Qh4 25. fxe5 Be6 26. Ne4 Qh2 27. c3 $40) 25. Qe5 $1 Bg2
$8 {Black is forced to play Bg2 and gets under a dangerous pin.} (25... f6 26.
Qxd5+ Rxd5 27. Rxg4) 26. Rxf4 Qg6 {It was also possible to play Qg3 or Qh3
with an unclear game.} (26... Qg3 27. Kb1 $13) (26... Qh3 27. Kb1 $13) 27. Rf2
Qh6+ 28. Kb1 Bh3 $2 {A severe mistake. Black remains a piece down. 28...Re8
was essential with an unclear position.} (28... Re8 $5 29. Qf5 Bc6 30. Qxf7+
Kh8 $13) (28... Bb7 29. Rh2 $18) 29. Rh2 $1 Re8 {Because of the mate threat
Black loses a piece.} 30. Rxh3 Rxe5 31. Rxh6 a5 (31... Re6 32. Rxe6 fxe6 33.
Ne4 $18) 32. Rb6 h5 33. Rxb5 Rxb5 34. Nxb5 h4 35. Nd6 $18 {White transfers the
knight to a much more active position.} Rc5 36. b4 {36.Rd1 was stronger and
White would have quickly won.} (36. Rd1 $1 g5 37. b4 axb4 38. axb4 Re5 39. b5
$18) 36... Rd5 37. Ne8 {[%cal Re8g7,Re8f6]} Kf8 38. Nxg7 h3 39. Kb2 $5 {
[%mdl 4096] White prepares to sacrifice the knight for the h-pawn and then the
passed b- and c- pawns would have made the day.} (39. c4 $6 h2 40. Rh1 Rd2 41.
Nf5 Rg2) 39... a4 {Black tries to make things harder for White. 39...h2 is bad.
} (39... h2 40. Rh1 Kxg7 41. Rxh2 axb4 42. axb4 f5 43. c4 Rd7 44. b5 $18) 40.
Rh1 Kxg7 41. Rxh3 {White went into an endgame where his b and c pawns should
bring the victory but he has still to be careful.} f5 42. c4 Rd2+ 43. Kc3 Ra2
44. Kd4 Rb2 45. c5 Kf6 46. c6 $1 {A winning move which demanded an accurate
calculations.} Ke7 (46... Ke6 47. Kc5 f4 48. c7 Rc2+ 49. Kb6 Kd6 50. Rd3+ Ke5
51. Kb7 $18) 47. Rh7+ Kd6 48. Rh6+ Ke7 (48... Kc7 49. Kc5 Rc2+ 50. Kb5 Rc3 (
50... f4 51. Rf6 Rc3 52. Rxf4 Rxa3 53. Rf7+) 51. Rh7+ Kd6 52. Rd7+ Ke5 53. Kb6
Rxa3 54. c7 Rc3 55. Rd8 f4 56. c8=Q Rxc8 57. Rxc8 f3 58. Ra8 Kd4 59. Rxa4 $18)
49. Kc5 f4 50. Rh4 f3 51. Re4+ Kd8 52. Kb6 $18 (52. Kb6 f2 53. c7+ Kd7 54. Rd4+
Ke7 55. c8=Q) 1-0

[Event "RUS-ch m3-4"]
[Site "Elista"]
[Date "1997.06.03"]
[Round "5.4"]
[White "Svidler, Peter"]
[Black "Dreev, Alexey"]
[Result "1-0"]
[WhiteElo "2640"]
[BlackElo "2650"]
[Annotator "Gofshtein,L"]
[PlyCount "81"]
[EventDate "1997.04.19"]
[EventType "k.o."]
[EventRounds "6"]
[EventCountry "RUS"]
[SourceTitle "CBM 059"]
[Source "ChessBase"]
[SourceDate "1997.08.01"]
[SourceVersion "1"]
[SourceVersionDate "1997.08.01"]
[SourceQuality "1"]

1. e4 c5 2. Nf3 Nc6 3. d4 cxd4 4. Nxd4 Nf6 5. Nc3 d6 6. Bg5 e6 7. Qd2 a6 8.
O-O-O Bd7 9. f3 Qc7 10. h4 Be7 11. h5 h6 12. Be3 $14 Na5 $146 13. Kb1 (13. Nb3
Nc4 (13... Nxb3+ 14. cxb3 $14) 14. Bxc4 Qxc4 15. Kb1 $14) 13... b5 14. Bd3 Nb7
$5 15. g4 Nc5 16. Rc1 (16. b4 Nxd3 17. cxd3 d5 18. a3 e5 $17) 16... b4 17. Nce2
a5 18. Ng3 d5 $11 19. e5 $11 Qxe5 $11 20. Bf4 Qxd4 21. Be3 Qe5 22. Bf4 Nxg4 $6
(22... Qd4 $142 $11) 23. Bxe5 Nxe5 24. Qe3 Bd6 (24... Nc6 $142 25. c4 bxc3 26.
bxc3) 25. Rhg1 O-O-O (25... O-O $142 26. Nf5 (26. Be2 $5) 26... exf5 27. Qxh6
Ng6 28. Qg5 Bf4 (28... Ne6 29. Qxf5 $18) 29. Qg2 Bxc1 30. Kxc1 Rac8 31. Kd2 Rc6
32. hxg6 fxg6 33. Bb5 $14) 26. Be2 Bc6 (26... Nc6 $142 27. c4 d4 $14) 27. f4
Ned7 (27... Nc4 $142 28. Qd4 $16) 28. c4 $1 $16 d4 (28... bxc3 29. Rxc3 Kb7 30.
Rgc1 $18) 29. Qxd4 Nf6 30. Qe3 (30. Rgd1 $142 Rhe8 31. Qf2 $16) 30... e5 (30...
Rhe8 31. Rgd1 $16) 31. fxe5 Rhe8 32. Rgd1 Rxe5 33. Qf2 Kc7 $2 (33... Rg5 $1 34.
Rxd6 $1 Rxd6 35. Bf3 Nd3 36. Qb6 $16) 34. Bf3 Ba4 35. Re1 $18 Rg5 36. Ne2 Nfd7
37. b3 Ne5 38. bxa4 Ned3 39. Qh4 Nxc1 40. Rxc1 Nxa4 41. Qe4 1-0

[Event "EU-ch 2nd"]
[Site "Ohrid"]
[Date "2001.06.10"]
[Round "9"]
[White "Acs, Peter"]
[Black "Kozul, Zdenko"]
[Result "0-1"]
[WhiteElo "2509"]
[BlackElo "2595"]
[Annotator "Gofshtein,L"]
[PlyCount "102"]
[EventDate "2001.06.01"]
[EventType "swiss"]
[EventRounds "13"]
[EventCountry "YUG"]
[SourceTitle "CBM 084"]
[Source "ChessBase"]
[SourceDate "2001.09.13"]
[SourceVersion "1"]
[SourceVersionDate "2001.09.13"]
[SourceQuality "1"]

1. e4 c5 2. Nf3 d6 3. d4 cxd4 4. Nxd4 Nf6 5. Nc3 Nc6 6. Bg5 e6 7. Qd2 a6 8.
O-O-O Bd7 9. f4 b5 10. Bxf6 gxf6 11. Nxc6 Bxc6 12. Qe1 h5 $6 {[%csl Re8] In my
opinion- not the best way to get exceptable game. This move disadvantage is :
What to do with Ke8? In cases of 0-0-0 or 0-0 black K will be vulnerable.} ({
Mainlines are:} 12... b4) (12... Be7) ({White leaves with slight advantage
after} 12... Ra7 $6 13. Bd3 (13. Qe3 Rb7 14. Bd3 h5 15. Kb1 Qb6 16. Qh3 Rc7 17.
Rhe1 Be7 18. f5 b4 19. Ne2 $14 {1/2-1/2 Maki,V-Veingold,A/FIN 2000/EXT 2001 
(45)}) 13... Qb6 14. Kb1 Qc5 (14... a5 15. f5 b4 16. Ne2 $14 {1/2-1/2 Moldovan,
D-Lupulescu,C/Baile Tusnad ROM 2001 (23)}) 15. Qh4 Be7 16. Qh6 $14 {0-1 Garcia,
G-Kozul,Z/Elista 1998/CBM 66 ext (42)}) (12... Qe7 $6 {This a little bit
strange move also doesn't supply "easy life" to Black:} 13. Bd3 Bg7 (13... Bb7
14. Kb1 O-O-O 15. a4 b4 16. Na2 a5 17. c3 d5 18. cxb4 axb4 19. exd5 Rxd5 20.
Qe3 Qd7 21. Rc1+ Kb8 22. Be4 $16 {[%csl Rb8] 1/2-1/2 Spraggett,K-Mednis,E/
Lugano 1986/EXT 98 (41)}) 14. Kb1 (14. Qg3 Rg8 15. Rhe1 Kf8 16. Qh4 f5 17.
Qxe7+ Kxe7 18. exf5 Bxc3 19. bxc3 Rxg2 $132 {1/2-1/2 Kudrin,S-Christiansen,L/
USA-ch 1986/CBM 03 (44)}) 14... Rc8 15. f5 Bb7 16. Rf1 Rc5 17. Qg3 Kf8 18. fxe6
fxe6 19. Ne2 Ke8 20. Nf4 $14 {1/2-1/2 Renet,O-Mednis,E/Cannes 1995/CBM 46 ext 
(42)}) (12... Qa5 $6 13. Kb1 O-O-O 14. Bd3 Kb8 15. Qh4 Qc7 16. f5 Be7 17. Qh5
$14 {1-0 Kuzmin,G-Tukmakov,V/Baku 1977/MCL (40)}) 13. Kb1 ({Worth of attention
} 13. Bd3 $5 {and White got slight advantage. However, maybe Z.Kozul had
prepared something...} Bb7 (13... Bh6 $2 14. Rf1 Qe7 15. Kb1 Bb7 16. Qe2 O-O-O
{[%csl Rc8]} 17. a4 b4 18. Na2 $16 {1-0 Sveshnikov,E-Ghitescu,T/Sochi 1979/EXT
99/[ChessBase] (25)} (18. Bxa6 bxc3 19. Rf3 Rd7 20. Rxc3+ Kd8 21. Qb5 $16)) 14.
Kb1 Qb6 15. Qh4 Be7 16. f5 Qc5 17. Rhe1 $14 {1-0 Haba,P-Hracek,Z/CZE 1997/EXT
98 (50)}) 13... Bh6 ({White left with serious advantage in the next games:} 
13... Qa5 14. Bd3 O-O-O $6 {[%csl Rc8]} 15. f5 b4 16. Ne2 e5 17. Nc1 d5 18. Qe2
Bb7 19. exd5 Qb6 20. Bc4 $16 {1-0 Ginzburg,M-Aparicio,A/Salta 1995/EXT 97 (67)}
) ({and} 13... Rb8 14. f5 e5 15. Qh4 Ke7 16. Be2 Rc8 17. Rd3 Qc7 18. Rhd1 Bh6
19. Rxd6 Bg5 20. Qf2 $18 {1-0 Cela,A-Kozul,Z/Elista 1998/CBM 66 ext (43)}) 14.
g3 $1 {[%csl Gf4,Gg3,Gh2,Rh6] Restricting Bh6 for a long time.} (14. f5 $6 Bf4
$1 {[%cal Gf4e5]} 15. Bd3 Be5 {[%csl Ye5]} 16. Ne2 Ke7 17. Rf1 Qg8 $132 {
1-0 Schuster,B-Wagner Michel,A/Germany 1999/EXT 2000 (35)}) 14... b4 15. Nd5 $1
a5 (15... exd5 $4 16. exd5+ $18 {[%csl Rc6,Rh6]}) 16. Bg2 O-O $2 $16 {[%csl
Rg8,Rh5]} (16... Rc8 $142 17. Ne3 $14) 17. Ne3 $5 ({Worth of attention} 17.
Nxf6+ $5 Qxf6 18. e5 dxe5 19. fxe5 Qg5 20. h4 Qg4 21. Bxc6 $16) 17... Qb6 (
17... b3 $2 18. cxb3 a4 19. b4 $18) ({Or} 17... Bg7 18. Nc4 $16 {[%csl Rd6]})
18. Rxd6 Rad8 19. Rxd8 Rxd8 20. Qe2 Qc5 21. Rc1 ({Worth of attention also} 21.
Rd1 $16) 21... Bb5 22. Qe1 a4 23. c4 bxc3 24. Rxc3 Qd4 {[%cal Gd4d2]} 25. Kc1
Bf8 ({Or} 25... Bd3 26. a3 $16) 26. Nc2 $6 $14 ({It was possible to neutralize
Bf8-b4 threat by} 26. a3 $16 {[%csl Gb4]}) 26... Qb6 27. Qe3 (27. Bf3 {[%csl
Rh5]} h4 $1 28. Bg2 (28. gxh4 $6 {[%csl Rf4,Rh2,Rh4]} Bh6 {[%csl Rf4]} 29. Qg3+
Kh8 $44) 28... e5 $14) 27... Qd6 $6 $16 ({Interesting was} 27... Qxe3+ 28. Rxe3
(28. Nxe3 $2 Bb4 29. Rc2 Bd3 30. Rc7 Ba5 31. Rc6 Bd2+ 32. Kxd2 Bb5+ 33. Kc3
Bxc6 $17) 28... e5 $14 {^^}) 28. Bf3 e5 29. Na3 $5 (29. Bxh5 Bh6 {[%csl Rf4]
[%cal Gh6c1]} 30. Kb1 exf4 31. Qf3 Bd3 32. a3 f5 $1 33. exf5 Bg7 $14) 29... Ba6
30. Nc4 $2 $132 ({Clear advantage White recieves after} 30. Bxh5 $5 Bh6 31. Kb1
exf4 32. Qa7 $1 {[%csl Rf7]} Rd7 33. Qg1 $1 $16 {[%csl Rg8][%cal Gg1g8]}) 30...
Qd4 $1 31. b3 ({Not} 31. Na5 $2 Qxe3+ 32. Rxe3 exf4 33. gxf4 Bh6 34. Nc6 Rd7
35. Kb1 Bxf4 $17) 31... Bh6 $2 $16 ({Strong was} 31... exf4 $1 32. gxf4 Bh6 33.
Kc2 axb3+ 34. axb3 $44) 32. Qxd4 Rxd4 ({Or} 32... exd4 33. Rc2 d3 34. Rc3 Bf8 (
34... axb3 35. axb3 Bf8 36. Ne3 $16 (36. Nd2 $16)) 35. Nd2 $16 {[%csl Rd3,Rf6,
Rf7,Rh5] In this complicated position White keeps an advantage.}) 33. Ne3 {
[%cal Ge3f5] threatening Ne3-f5.} Rd8 34. Nf5 Bf8 35. bxa4 Bb4 36. Rc6 Bd3 37.
Kb2 $1 ({Not} 37. Rxf6 $2 $44 Rc8+ 38. Kb2 Rb8 39. Bd1 Be7+ 40. Kc3 Bxf6 41.
Kxd3 Rb2 42. Bb3 exf4 43. a5 f3 44. a6 Bg5 45. Kc3 (45. a7 Rd2+ 46. Kc4 Rd8 47.
Bd1 f2 48. Be2 Ra8 $17) 45... Bf6+ 46. Kb4 Rd2 47. Bd5 Rb2+ 48. Bb3 Rd2 $44)
37... Rb8 38. Bd1 $4 $19 {Terrible mistake. Position of White collapses.} ({
Right was} 38. a3 $1 {[%csl Ya2][%cal Gb2a2] and after any check white K will
hide on a2 square:} Bd2+ 39. Ka2 exf4 40. Rc7 $16 {[%csl Rf7,Rh5][%cal Gf5e7,
Gf3h5]}) (38. Kc1 $6 Rd8 39. Kb2 (39. Rxf6 $44) 39... Rb8 40. a3 $16) 38...
Bxe4 39. Nh6+ Kg7 40. Rc4 Bd3 {[%csl Rc4,Rh6]} 41. Rc6 Kxh6 (41... exf4 $19 {
[%csl Rh6]}) 42. fxe5 Bg6 43. exf6 Rd8 44. Bc2 Rd2 45. Kb3 Bxc2+ 46. Kxb4 Rxh2
47. a5 Be4 48. Rc4 Bd3 49. Rd4 Bf1 50. a3 (50. a4 Rh3 $19) (50. Rd1 Rf2 $19 {
[%csl Ra6,Rf6][%cal Gf1a6]}) 50... Rb2+ 51. Kc3 Rg2 0-1